Distributed, Ambient, and Pervasive Interactions First International Conference, DAPI 2013, Held as Part of HCI International 2013, Las Vegas, NV, USA, July 21-26, 2013. Proceedings /

This book constitutes the refereed proceedings of the 5th International Conference on Distributed, Ambient and Pervasive Interactions, DAPI 2013, held as part of the 15th International Conference on Human-Computer Interaction, HCII 2013, held in Las Vegas, USA in July 2013, jointly with 12 other the...

Full description

Bibliographic Details
Corporate Author: SpringerLink (Online service)
Other Authors: Streitz, Norbert (Editor), Stephanidis, Constantine (Editor)
Format: Electronic eBook
Language:English
Published: Berlin, Heidelberg : Springer Berlin Heidelberg : Imprint: Springer, 2013.
Series:Lecture Notes in Computer Science, 8028
Subjects:
Online Access:Full Text via HEAL-Link
LEADER 03714nam a22006015i 4500
001 978-3-642-39351-8
003 DE-He213
005 20151030141112.0
007 cr nn 008mamaa
008 130702s2013 gw | s |||| 0|eng d
020 |a 9783642393518  |9 978-3-642-39351-8 
024 7 |a 10.1007/978-3-642-39351-8  |2 doi 
040 |d GrThAP 
050 4 |a QA76.9.U83 
050 4 |a QA76.9.H85 
072 7 |a UYZG  |2 bicssc 
072 7 |a COM070000  |2 bisacsh 
082 0 4 |a 005.437  |2 23 
082 0 4 |a 4.019  |2 23 
245 1 0 |a Distributed, Ambient, and Pervasive Interactions  |h [electronic resource] :  |b First International Conference, DAPI 2013, Held as Part of HCI International 2013, Las Vegas, NV, USA, July 21-26, 2013. Proceedings /  |c edited by Norbert Streitz, Constantine Stephanidis. 
264 1 |a Berlin, Heidelberg :  |b Springer Berlin Heidelberg :  |b Imprint: Springer,  |c 2013. 
300 |a XXII, 519 p. 231 illus.  |b online resource. 
336 |a text  |b txt  |2 rdacontent 
337 |a computer  |b c  |2 rdamedia 
338 |a online resource  |b cr  |2 rdacarrier 
347 |a text file  |b PDF  |2 rda 
490 1 |a Lecture Notes in Computer Science,  |x 0302-9743 ;  |v 8028 
505 0 |a Natural interaction -- Context-awareness in smart and intelligent environments -- Design and evaluation of smart and intelligent environments -- Smart cities -- Multi-user group.- Collaborative interaction -- Smart everyday living and working environments. 
520 |a This book constitutes the refereed proceedings of the 5th International Conference on Distributed, Ambient and Pervasive Interactions, DAPI 2013, held as part of the 15th International Conference on Human-Computer Interaction, HCII 2013, held in Las Vegas, USA in July 2013, jointly with 12 other thematically similar conferences. The total of 1666 papers and 303 posters presented at the HCII 2013 conferences was carefully reviewed and selected from 5210 submissions. These papers address the latest research and development efforts and highlight the human aspects of design and use of computing systems. The papers accepted for presentation thoroughly cover the entire field of human-computer interaction, addressing major advances in knowledge and effective use of computers in a variety of application areas. The total of 54 contributions was carefully reviewed and selected for inclusion in the DAPI proceedings. The papers are organized in the following topical sections: natural interaction; context-awareness in smart and intelligent environments; design and evaluation of smart and intelligent environments; smart cities; multi-user, group and collaborative interaction; smart everyday living and working environments. 
650 0 |a Computer science. 
650 0 |a Computers. 
650 0 |a Information storage and retrieval. 
650 0 |a User interfaces (Computer systems). 
650 0 |a Application software. 
650 0 |a Education  |x Data processing. 
650 0 |a Multimedia systems. 
650 1 4 |a Computer Science. 
650 2 4 |a User Interfaces and Human Computer Interaction. 
650 2 4 |a Media Design. 
650 2 4 |a Computer Applications. 
650 2 4 |a Models and Principles. 
650 2 4 |a Computers and Education. 
650 2 4 |a Information Storage and Retrieval. 
700 1 |a Streitz, Norbert.  |e editor. 
700 1 |a Stephanidis, Constantine.  |e editor. 
710 2 |a SpringerLink (Online service) 
773 0 |t Springer eBooks 
776 0 8 |i Printed edition:  |z 9783642393501 
830 0 |a Lecture Notes in Computer Science,  |x 0302-9743 ;  |v 8028 
856 4 0 |u http://dx.doi.org/10.1007/978-3-642-39351-8  |z Full Text via HEAL-Link 
912 |a ZDB-2-SCS 
912 |a ZDB-2-LNC 
950 |a Computer Science (Springer-11645)